00584nam a22001937a 4500003000900000005001700009008004100026020001400067040002300081041000800104082001500112100001700127245006600144260004500210300002200255504005200277650002700329650003400356BDDh-ASL20231015025717.0201006t1992 ||||| |||| 00| 0 eng d a019563576 aBDDh-ASLcBDDh-ASL aeng a894.8bAHI1 aAhmad, Aijaz10aIn Theory:bClasses, Nations, Literatures/ cby Aijaz Ahmad.  aDelhi:bOxford University Press, c1992. a358 p. :c22 cm.  aIncludes bibliographical references and index. 00aThird World Literature00aPostmodern migrancy and women